000 00780nam a22002417a 4500
999 _c20062
_d20062
003 AR-CdUCM
008 190225b ||||| |||| 00| 0 spa d
040 _aMUNICIPALIDAD PROVINCIAL DEL CUSCO
_cBIBLIOTECA MUNICIPAL DEL CUSCO
082 _a260 /
_bEV96
100 _aEvely, L
_941974
245 _aUna religión para nuestro tiempo /
260 _aSalamanca :
_bSigueme,
_c1965.
300 _a235 paginas ;
_c20 cm.
440 _aColeccion Hinneni
_n34
_941975
505 _aContenido : La pobreza -- La encarnación -- Comunidad -- Respuestas -- La Iglesia...
650 _aReligión
_91195
650 _aIglesia
_91428
650 _aEncarnación
_94892
650 _aSacramentos de oración
_941976
650 _aPredicacion
_93400
942 _2ddc
_cLIBROS
945 _arcc